The Mandarin VP
| Published in: | Studies in natural language and linguistic theory |
|---|---|
| Main Author: | |
| Content type: | Book |
| Published: |
Dordrecht:
Kluwer
1999
|
| Series: | Studies in natural language and linguistic theory ; 44 |
| Source: | MPIPL_cat |
MARC
| LEADER | 00000cam a2200000 ub4500 | ||
|---|---|---|---|
| 001 | PL0089977 | ||
| 003 | PLI01000000000000000087643 | ||
| 005 | 00000000000000.0 | ||
| 008 | ||| u | ||
| 020 | |a 0-7923-5462-1 | ||
| 020 | |a 9780792354628 | ||
| 090 | |a 210-Syb/3 | ||
| 100 | 1 | |a Sybesma, Rint | |
| 245 | 0 | 4 | |a The Mandarin VP |c by Rint Sybesma |
| 260 | |a Dordrecht |b Kluwer |c 1999 | ||
| 300 | |a X, 230 p. | ||
| 490 | 0 | |a Studies in natural language and linguistic theory |v 44 | |
| 830 | 0 | |w PL0000540 | |
| 852 | |c 210-Syb/3 |m BOOK | ||
| 989 | |a 00-05 | ||